| 000 | 00617nam a2200169 i 4500 | ||
|---|---|---|---|
| 001 | 59583 | ||
| 003 | ES-MaACL | ||
| 005 | 20230906164047.0 | ||
| 007 | t| | ||
| 008 | 031029s1971 sp ||||1| spa d | ||
| 100 | 1 |
_aElsen, Albert E. _947099 |
|
| 245 | 1 | 4 |
_aLos propósitos del arte _b: introducción a la historia y a la apreciación del arte / _cAlbert E. Elsen ; traducción del inglés por María del Pilar Ganose de Altabella. |
| 260 |
_a[Madrid] : _bAguilar, _c[1971] |
||
| 300 |
_aVI, 454 p., 64 lám. : _bil. ; _c29 cm. |
||
| 700 | 1 |
_aGanose, María del Pilar. _953875 |
|
| 852 |
_aES-MaACL _jC-41060 _bR.77895 |
||
| 999 |
_c59583 _d59583 |
||